01387nab a2200253uuc4500001000800000005001700008008004100025035001200066035002100078040001300099041000800112100005400120245008500174260001000259520049900269650003100768650003900799700005200838700004500890700005600935773011300991942001001104999001901114121150920250128091233.0100817e20100817 spa  a1211509 a(OCoLC)820552801 ccomduadb aspa10aGonzález Ferrero, Maximiliano4auteaut960892510aEmpresas familiares : revision de la literatura desde una perspectiva de agencia c2010.3 aEn este articulo se presenta una revision comprehensiva de la literatura financiera alrededor de los principales estudios relacionados con las empresas familiares. Al finalizar se propone una agenda de investigacion en empresas familiares fundamentada en temas como el desempeño financiero, el papel de los herederos, la estructura de endeudamiento, la composicion de las juntas directivas, el impacto de los costos de agencia sobre el costo de capital y los beneficios privados del control. aEmpresas familiares913408 7aGobierno corporativo2lemb911335610aGuzmán Vásquez, Alexander4auteaut930916810aPombo Bejarano, Carlos4auteaut960892610aTrujillo Dávila, María Andrea4auteaut94463670 tCuadernos de Administración (Bogotá)gVol. 23, No. 40, Ene.-Jun. 2010, p. 11-33w96829x0120-3592092361 cARIMP c552619d552619